| 000 | 01504ngm a22003497i 4500 | ||
|---|---|---|---|
| 001 | IT\ICCU\RAV\1250263 | ||
| 003 | ItRI | ||
| 005 | 20260310154453.0 | ||
| 008 | 040924s2004 it |||||||||||||||k|||||c | ||
| 028 | 4 | 2 | _a861016EVDO |
| 040 |
_bita _cArcigay Genova |
||
| 041 | 7 |
_aita _aspa _2ISO-639-2 |
|
| 130 | 0 | _aA mi madre le gustan las mujeres <film ; 2002> | |
| 245 | 0 | 0 |
_aA mia madre piacciono le donne / _cun film di Daniela Fejerman e Ines Paris ; musiche di Juan Bardem. |
| 260 |
_aMilano : _bEagle Pictures [distributore!, _c©2004 |
||
| 300 |
_a1 DVD video (ca. 95 min.) ; _cin contenitore, 19 cm |
||
| 500 | _aCodice area: 2; PAL; widescreen 1.85:1; doppio strato; Dolby digital 2.0 surround; color | ||
| 500 | _aTit. del contenitore | ||
| 500 | _aProduzione cinematografica Spagna 2002 | ||
| 500 | _aInterpreti: Leonor Watling, Silvia Abascal, Maria Pujalte, Rosa Maria Sardà, Eliska Sirovà | ||
| 500 | _aLingue: italiano, spagnolo; sottotitoli: italiano | ||
| 500 | _aContenuti extra: intervista a Leonor Watling, interviste alle registe. | ||
| 700 | 1 |
_aSarda, Rosa Maria _0IT\ICCU\RAVV\298923 |
|
| 700 | 1 |
_aFejerman, Daniela _0IT\ICCU\RAVV\396641 |
|
| 700 | 1 |
_aParis, Ines _0IT\ICCU\RAVV\396642 |
|
| 700 | 1 |
_aBardem, Juan _0IT\ICCU\RAVV\396643 |
|
| 700 | 1 |
_aAbascal, Silvia _0IT\ICCU\RAVV\396644 |
|
| 700 | 1 |
_aPujalte, Maria _0IT\ICCU\RAVV\396645 |
|
| 700 | 1 |
_aSirovà, Eliska _0IT\ICCU\RAVV\396646 |
|
| 700 | 1 |
_aWatling, Leonor _0IT\ICCU\UBOV\715813 |
|
| 942 |
_2ddc _cVM _n0 |
||
| 999 |
_c28904 _d28904 |
||